000 00454nam a2200181Ia 4500
001 10242
005 20260306161817.0
008 260306t2003||||xx |||||||||||||| ||spa||
041 _aESP
082 _a909.82
_bG69
100 _aGonzález, Felipe
_eAUT
245 0 _aMemorias del futuro:
_bReflexiones sobre el tiempo presente
260 _c2003
300 _a389 páginas :
_c24 cm.
650 _aGEN
654 _aCHU
942 _cLIB
_dJUS
_fJUS
_2ddc
_n
999 _c10242
_d10242